SIMULTANDOLMETSCHEN - SEKUNDÄRES FUNKTIONSSYSTEM

Bibliographic Details
Main Author: Nováková, Taida (Author)
Format: Article
Language:German

MARC

LEADER 00000nab a2200000uu 4500
001 vtls011145106
003 SK-MaSNL
005 20260303145745.0
008 230222|2003 xo |||||||||||||||||ger|
015 |a SNBRB 
035 |a (urnnbn)urn:nbn:sk:snk:ar-008inx 
035 |a (uuid)95d1ae3e-e245-4f80-9b16-c9cc42550722 
035 |a urn:nbn:sk:snk-abavz7 
040 |a SNKBUCL  |b slo  |c SNKBUCL  |e AACR2 
041 0 |a ger 
044 |a xo  |c SK 
100 1 |a Nováková, Taida  |4 aut  |9 411636 
245 1 0 |a SIMULTANDOLMETSCHEN - SEKUNDÄRES FUNKTIONSSYSTEM  |c Taida Nováková 
773 0 |t Zborník Filozofickej fakulty Univerzity Komenského  |g Roč. 58, č. 1 (2003), s. 65-70 
958 |a OND 
958 |a EUIPO 
958 |a article14 
999 |c 2004995  |d 2006925